00353nam a2200121Ia 4500008004000000020001800040082001900058100002100077245007200098260003400170300001000204650001700214210210b2000 xxu||||| |||| 00| 0 eng d a81 7446 199 x a658.31124 VIEI aVIEIRA (Walter). aInterviews, key to ensure corporate success and satisfying careers. aNew Delhi.bExcel Booksc2000 ax,186 aInterviews